Σολωμικά : ο Σολωμός χωρίς μεταφυσική - οι στοχασμοί του ποιητή κ.τ.λ. - διάφορα άρθρα

Αποθηκεύτηκε σε:
Λεπτομέρειες βιβλιογραφικής εγγραφής
Κύριος συγγραφέας: Βάρναλης, Κώστας, 1883-1974
Μορφή: Βιβλίο
Γλώσσα:Greek
Δημοσίευση: [Αθήνα] : O Κέδρος, [1980].
Θέματα:
Ετικέτες: Προσθήκη ετικέτας
Δεν υπάρχουν, Καταχωρήστε ετικέτα πρώτοι!

MARC

LEADER 00000cam a2200000 i 4500
001 1/99944
008 081220s1980 gr | ||| |||| ||gre||
035 |l 10102660 
040 |a GR-MyUA  |b gre  |e AACR2 
041 0 |a gre 
082 0 |a 889.4  |2 (22) 
082 0 |a 889.109  |2 (23) 
100 1 |a Βάρναλης, Κώστας,   |d 1883-1974. 
245 1 0 |a Σολωμικά :   |b ο Σολωμός χωρίς μεταφυσική - οι στοχασμοί του ποιητή κ.τ.λ. - διάφορα άρθρα /   |c Κώστα Βάρναλη.  
260 |a [Αθήνα] :   |b O Κέδρος,   |c [1980].  
300 |a 172, [2] σ. ;   |c 24 εκ. 
600 1 0 |a Σολωμός, Διονύσιος,   |d 1798-1857. 
650 0 0 |a Greek literature. 
650 0 0 |a Greek poetry, Modern  |y 20th century  |x History and criticism. 
650 0 0 |a Greek essays, Modern. 
852 |a INST  |b RHODES  |c AKA  |e 20081220  |h  889.4 ΒΑΡ  |p 005400031717  |q 005400031717  |t BK  |y 0 
852 |a INST  |b SAMOS  |e 20200120  |h 889.109 ΒΑΡ  |p 005300046259  |q 005300046259  |t BK  |y 0 
901 |a BIBL4-2008-3 
909 |a Ρ  |b 156728 
970 |a ΚΟΖΑ  |b ΜΑΡΙΑ  |z 2008/12/20